Klik om te vertalen - Latijn - Statistieken

Algemene statistieken
  • Deze quiz is 57 keer genomen
  • De gemiddelde score is 13 van 20
Antwoordstatistieken
Hint Antwoord % Correct
Water Aqua
92%
Moeder Mater
86%
Meester Magister
81%
Koningin Regina
78%
Wolf Lupus
76%
Zee Mare
73%
Aarde Terra
73%
Huis Domus
68%
Honderd Centum
65%
Wat Quid
62%
Altijd Semper
62%
Boven Supra
62%
Waarheid Veritas
62%
Stem Vox
62%
Langzaam Lente
59%
Geloven Credo
57%
Daarom Ergo
51%
Dit Hoc
51%
Hebzuchtig Avarus
43%
Blauw Caeruleum
27%
Geen overeenkomende quizzen gevonden
Scoreverdeling
Procent van Mensen met Elke Score
Percentiel versus Aantal Correcte Antwoorden
Uw Scoregeschiedenis
U heeft deze quiz nog niet genomen